[Event "EU-chT (Men) 19th"]
[Site "Warsaw"]
[Date "2013.11.08"]
[Round "1.3"]
[White "Jones, Gawain C B"]
[Black "Bulski, Krzysztof"]
[Result "1-0"]
[WhiteElo "2648"]
[BlackElo "2538"]
[Annotator "Jones,G"]
[PlyCount "81"]
[EventDate "2013.11.08"]
[EventType "team-swiss"]
[EventRounds "9"]
[EventCountry "POL"]
[SourceTitle "CBM 158"]
[Source "ChessBase"]
[SourceDate "2014.01.16"]
[SourceVersion "1"]
[SourceVersionDate "2014.01.16"]
[SourceQuality "1"]
[WhiteTeam "England"]
[BlackTeam "Poland Goldies"]
[WhiteTeamCountry "ENG"]
[BlackTeamCountry "POL"]

1. c4 Nf6 2. Nc3 d5 3. cxd5 Nxd5 4. g3 Nb6 5. Bg2 g6 6. d3 Bg7 7. Be3 Nc6 {
This is supposed to be Black's best move order.} ({The first time I had this
position my opponent played the straightforward} 7... O-O {but after} 8. Qd2
N8d7 (8... Re8 {prevented the bishop exchange but after} 9. Bh6 Bh8 10. h4 N8d7
11. h5 {Tomashevsky,E (2524)-Vokarev,S (2491) Sochi 2005. White had a strong
initiative.}) 9. Bh6 Nf6 10. Nf3 c6 11. O-O Be6 12. Bxg7 Kxg7 13. Ng5 {I had a
pleasant edge in Jones,G (2568)-Samuelsen,C (2278) Klaksvik 2010 (37).}) 8.
Bxc6+ {This exchange is always double-edged. As a long time Dragon player I
value that bishop highly but in exchange White has an enduring strategic
advantage which he can hope to exploit so long as he doesn't get mated on the
light squares in the meantime!  Bulski had actually had this position twice
recently but neither of his GM opponents chose to trade. Over the next few
moves he started to consume a lot of time and so I presume his preparation
wasn't perfect.} bxc6 9. Qd2 h6 {Continuing to follow two of my earlier games.}
({The following game made a deep impression on me:} 9... h5 10. Nf3 Bh3 11. Ng5
Bg2 12. Rg1 Bd5 13. f3 {A bizarre series of moves but White appears to be
doing well as that bishop on d5 is actually short on squares while Black's
king doesn't have a safe place to hide. In the game he tried} O-O {but} 14. g4
$1 hxg4 15. Rxg4 f5 16. Rg2 Qd6 17. Rc1 Rad8 18. Kf1 Bf7 19. Qe1 Be8 20. Qh4 {
was already winning for White:} Rf6 21. b4 Qe5 22. Bc5 Rfd6 23. f4 Qf6 24. Qh7+
Kf8 25. Qh3 Kg8 26. e4 Nd7 27. e5 Nxe5 28. fxe5 Qxe5 29. Bxd6 Rxd6 30. Ne2 {
1-0 Short,N (2692)-Salem,A (2536) Al-Ain 2012.}) 10. Rc1 {My first foray into
this line was annotated in CVO (ChessVibes Openings - no longer running sadly).
They recommended the text move. It's obviously a generally useful move to take
possession of the semi-open c-file and take aim at the loose c-pawns and the
problem for Black is that it's not so easy to come up with a good move.} ({
The first time I tried} 10. Nf3 {but this doesn't work as well with the pawn
on h6 as} Bh3 {is now rather annoying. I continued} 11. Rg1 {when we had a
crazy game after} Rb8 $5 (11... Bg4 {looks comfortable for Black as White can
no longer castle kingside so the rook on g1 looks rather misplaced.}) 12. Bf4
g5 13. Ne5 $6 Bxe5 $6 (13... Rc8 $1 {is the computer's suggestion and appears
to refute my piece sacrifice.}) 14. Bxe5 f6 15. g4 fxe5 16. Rg3 Qd4 17. Rxh3
Qxg4 18. Rg3 Qf4 19. Qc2 {Jones,G (2644)-Alsina Leal,D (2511) Hastings 2013;
and I had great compensation thanks to Black's dreadful structure.}) 10... Be6
{And now I was on my own.} (10... Nd5 {was played last time but now I can
develop my kingside.} 11. Nf3 Nxe3 (11... Bh3 {can now be met with} 12. Bd4 $1
Nf6 {This was seen in Ruck-Nedev, Yerevan 2001 and now} 13. Rg1 $1 Bg4 14. Qe3
$16 {leaves White on top.}) ({Van Delft and Ris point out that} 11... Nxc3 {
can even be met by} 12. Rxc3 $5 {as} Bxc3 13. Qxc3 f6 14. Qxc6+ Bd7 15. Qc4 {
leaves White decent compensation for the exchange.}) 12. Qxe3 O-O 13. O-O {
Jones,G (2653)-Areshchenko,A (2720) Icelandic League 2013 (36). And Black
probably has a slightly worse version of the game. Black did a good job of
creating counterplay but in the end I managed to convert.}) 11. h4 {This had
been my plan against most of Black's moves. I simply prepare to develop my
kingside without allowing any annoying ...Bh3 ideas.} ({I see this position
had actually been reached a month earlier. That time White tried} 11. Bc5 {
when Black took the opportunity to win a couple of very hot pawns with} Bxa2 $6
12. Nxa2 Qd5 13. Nf3 Qxa2 14. O-O Qxb2 {but} 15. Rc2 Qb3 16. Bd4 O-O 17. Bxg7
Kxg7 18. Nd4 Qd5 19. Nxc6 Qd6 20. Ra1 a6 21. Ra5 {Yilmaz,M (2567)-Erdogdu,M 
(2437) Istanbul 2013; left White totally dominating the position.}) 11... Nd5 {
The game starts to resemble my previous game with Areshchenko.} (11... Bg4 {
looks illogical, moving the same piece twice in a row, but now at least I'd
have to allow a structural concession. However} 12. Nf3 Bxf3 13. exf3 {still
leaves Black with problems as he still has the worse structure and has to lose
yet more time to castle, for example:} h5 14. O-O O-O 15. Ne4 Qd5 16. b3 Rfd8
17. Rfd1 $16) 12. Nf3 Nxe3 13. Qxe3 O-O 14. O-O ({Houdini offers} 14. Ne5 $5
Qd6 15. f4 {which is definitely a viable alternative but I was grateful to be
able to castle.}) {So we've both been able to castle. Black has his usual
bishop pair but I think White's better structure outweighs it. Black has to
wrestle for the initiative as he'll suffer in any ending. White controls the
centre and has an easy plan to put pressure on Black's weak pawns while it's
not so obvious what Black should do.} 14... Qd6 {With ideas of ...f7-f5 so I
thought my next move was forced.} 15. Ne4 Qb4 16. b3 (16. Rxc6 $5 {is also
possible but I was loath to trade off his weak pawns.}) ({Meanwhile} 16. h5 $5
{should also be considered.}) 16... Bd5 17. Qf4 {Indirectly attacking the
black queen and trying to get the queens off the board.} Qa5 $6 (17... a5 $1 {
was Black's best.} 18. Ne5 {was my idea when the computer offers} g5 (18...
Bxe4 19. Rc4 $14) 19. hxg5 hxg5 20. Nxg5 Qxf4 21. gxf4 f6 22. Nxc6 Bxc6 23. Ne6
Ra6 24. Nxf8 Bxf8 {with a complex battle between the bishops and the rook and
two pawns.}) 18. Qd2 ({The computer slightly prefers} 18. Rc2 {but without
queens the position is very miserable for Black.}) 18... Qxd2 {Now I was very
happy.} (18... Qa3 {should probably have been preferred but it's clear that's
not an ideal square for the queen and} 19. Nc5 Bxf3 20. exf3 {is also much
more comfortable for White.}) 19. Nfxd2 a5 20. Nc5 f5 {The d5 bishop has
suddenly run out of squares.} 21. e4 Bf7 (21... fxe4 22. dxe4 Bf7 {was perhaps
the lesser evil but look at that structure.}) 22. Rfe1 fxe4 ({I expected} 22...
e5 {when White should play slowly as rushing with} 23. exf5 gxf5 24. Nd7 Rfe8
25. Rxc6 $6 e4 {allows Black some counterplay.}) 23. Rxe4 Bd5 (23... Bf6 24.
Ne6 Rfb8 25. Nxc7 (25. Rxc6 Rb6 $1 {gives Black some hope.}) 25... Ra7 26. Ne6
{also nets a pawn.}) 24. Rxe7 Bd4 {Black's bishops now look impressive but I
can play around them easily enough and one will soon be traded.} 25. Nde4 Rf7
26. Rxf7 Kxf7 27. Na4 Ke6 28. Kg2 Rf8 29. f3 Kd7 30. Nac3 Bg8 31. Rc2 Rf5 32.
f4 Bg7 33. Nd1 Bd4 34. Kf3 h5 35. Ne3 Rb5 36. Nc4 Be6 37. Ke2 a4 $2 {This
doesn't achieve the desired effect but Black was probably tired of defending
such a horrible position.} 38. bxa4 Bg4+ 39. Kd2 Rb1 40. Ne5+ Bxe5 41. fxe5 1-0

[Event "URS Young Masters-ch14"]
[Site "Tallinn"]
[Date "1981.??.??"]
[Round "?"]
[White "Chernin, Alexander"]
[Black "Dvoirys, Semen I"]
[Result "*"]
[WhiteElo "2470"]
[BlackElo "2310"]
[Annotator "Kengis,E"]
[PlyCount "47"]
[EventDate "1981.02.??"]
[EventType "tourn"]
[EventRounds "15"]
[EventCountry "URS"]
[EventCategory "7"]
[SourceTitle "EXT 2009"]
[Source "ChessBase"]
[SourceDate "2008.11.26"]
[SourceVersion "1"]
[SourceVersionDate "2008.11.26"]
[SourceQuality "1"]

1. c4 Nf6 2. Nc3 d5 3. cxd5 Nxd5 4. g3 g6 5. Bg2 Nb6 6. d3 Bg7 7. Be3 O-O 8.
Qd2 N8d7 9. Bh6 Bxh6 10. Qxh6 Ne5 11. Nf3 Nxf3+ 12. Bxf3 Qd4 13. O-O c6 14.
Rfd1 Rd8 15. Rac1 Be6 16. b3 f6 17. e3 Qb4 18. h4 Nd7 19. d4 Bf7 20. h5 g5 21.
Be4 Nf8 22. f4 Qa5 23. Na4 Bd5 24. Rc5 $16 *

[Event "RUS-ch"]
[Site "Elista"]
[Date "1994.??.??"]
[Round "2"]
[White "Khasin, Alexander"]
[Black "Yandemirov, Valeri"]
[Result "1-0"]
[WhiteElo "2470"]
[BlackElo "2535"]
[Annotator "Kharitonov,A"]
[PlyCount "87"]
[EventDate "1994.09.??"]
[EventType "swiss"]
[EventRounds "11"]
[EventCountry "RUS"]
[SourceTitle "CBM 044"]
[Source "ChessBase"]
[SourceDate "1995.02.01"]
[SourceVersion "1"]
[SourceVersionDate "1995.02.01"]
[SourceQuality "1"]

1. c4 Nf6 2. Nc3 d5 3. cxd5 Nxd5 4. g3 Nxc3 5. bxc3 g6 6. Bg2 Bg7 7. Rb1 (7.
Nf3 O-O 8. O-O Nd7 9. Qc2 Nb6 10. d3 Bd7 11. Nd4 $5 Qc8 12. Ba3 Re8 13. Rfc1 c5
14. Nb3 c4 15. Na5 cxd3 16. exd3 Rb8 17. Rab1 Na4 18. Rb4 b6 $2 (18... b5 $32
$13) 19. Rc4 $16 {Yusupov,A-Kharitonov,A/URS/1976/0,5/29/}) (7. Nf3 O-O 8. O-O
Nd7 9. d4 Nb6 10. Bf4 Nd5 11. Bd2 c5 $10 {Romanishin,O-Gutman,L/Riga/1975/0:1/
35/}) 7... Nd7 8. c4 (8. Bxb7 Bxb7 9. Rxb7 Nb6 {/\Qc8-/}) (8. Nf3 O-O 9. O-O
Nb6 10. Qc2 Bd7 11. d3 Ba4 12. Qd2 Bc6 (12... Re8 13. c4 Bc6 14. Bb2 $2 Bxf3
15. Bxf3 Nxc4 $19 {Podgaets,M-Gutman,L/URS/1972/}) 13. Bb2 Qd6 14. Qc1 Na4 15.
Ba1 e5 16. Qc2 Rfe8 17. Nd2 Bxg2 18. Kxg2 Nc5 19. Kg1 Rad8 $15 {Gurevich,
M-Kharitonov,A/Tbilisi/1976/0:1/46/}) 8... O-O 9. Nf3 (9. d3 Nb6 10. Nf3 Bd7
11. Bb2 Bxb2 12. Rxb2 Bc6 13. O-O Rb8 14. Qc1 Nd7 15. Qh6 Bxf3 16. Bxf3 b6 17.
Rb5 e5 18. h4 $14 {Yasinsky,V-Yandemirov,V/Elista/1994/0:1/69/}) 9... Nb6 (9...
e5 $5) 10. d3 Bd7 11. Bb2 Bxb2 12. Rxb2 Bc6 13. Qc1 e5 14. O-O Qe7 15. Nd2 $14
Na4 (15... Bxg2 16. Kxg2 c6 17. Qc2 Rad8 18. Rfb1 Rd7 $14) 16. Bxc6 $5 (16. Rb1
Bxg2 17. Kxg2 Nc5 $10) 16... Nxb2 17. Bxb7 Rab8 18. Qxb2 c6 19. Rb1 f6 (19...
f5 20. Qc3 Rxb7 21. Rxb7 Qxb7 22. Qxe5 $14) (19... Rfd8 20. Qc3 Rxb7 21. Rxb7
Qxb7 22. Qxe5 {/\Ne4+/-/}) 20. Ne4 {/\c5,Nd6} f5 (20... Rf7 21. Qc1 Rxb7 (21...
f5 22. Bxc6 Rxb1 23. Qxb1 fxe4 24. Bd5 $16) 22. Rxb7 Qxb7 23. Nd6 $16) 21. Ng5
$1 e4 $6 (21... Qxg5 $5 22. Qxe5 Rfe8 23. Qc7 Qe7 24. Qxc6 Qxe2 $13) 22. h4 h6
23. Nh3 Rf7 (23... Kh7 24. dxe4 fxe4 25. Nf4 Rf7 26. Qc2 Rxb7 27. Rxb7 Qxb7 28.
Qxe4 Rf6 29. h5 $18) 24. Qc1 $1 Rxb7 25. Rxb7 Qxb7 26. Qxh6 Rg7 27. Nf4 $16
exd3 28. exd3 Qf7 29. a4 Qf6 30. Kg2 Rh7 (30... a5 31. Nh5 $18) (30... Qf7 31.
a5 Qe8 32. h5 gxh5 (32... g5 33. Ne6 $18) 33. Nxh5 Rg6 34. Nf6+ Kf7 35. Qxg6+
$18) 31. Qxg6+ Qxg6 32. Nxg6 Rb7 $2 (32... c5 $5 33. Kf3 Kf7 34. Ne5+ Ke6 35.
Kf4 Rb7 36. f3 $16) 33. c5 $1 $18 a5 (33... Rb4 34. a5 Rb5 35. d4 Rxa5 36. Ne7+
Kf7 37. Nxc6 Ra1 38. d5 a5 39. d6 Ke8 40. h5 $18) 34. d4 Rb4 (34... Kg7 35. Ne5
Rc7 36. Kf3 $18) 35. Ne7+ Kf8 36. Nxc6 Rxa4 37. d5 Ra1 (37... Rc4 38. d6 Ke8
39. d7+ $1 Kxd7 40. Ne5+ $18) 38. d6 Ke8 (38... Rd1 39. Nxa5) 39. h5 a4 40. h6
Kf8 41. d7 Rd1 42. d8=Q+ Rxd8 43. Nxd8 a3 44. Ne6+ (44. Ne6+ Kg8 45. Nd4 $18)
1-0

[Event "Bundesliga 0203"]
[Site "Germany"]
[Date "2002.12.14"]
[Round "5.2"]
[White "Krasenkow, Michal"]
[Black "Jansa, Vlastimil"]
[Result "1-0"]
[WhiteElo "2651"]
[BlackElo "2500"]
[Annotator "Kortschnoj,V"]
[PlyCount "67"]
[EventDate "2002.10.19"]
[EventType "team-tourn"]
[EventRounds "15"]
[EventCountry "GER"]
[SourceTitle "CBM 093"]
[Source "ChessBase"]
[SourceDate "2003.04.01"]
[SourceVersion "1"]
[SourceVersionDate "2003.04.01"]
[SourceQuality "1"]
[WhiteTeam "Baden Oos"]
[BlackTeam "Forchheim"]
[WhiteTeamCountry "GER"]
[BlackTeamCountry "GER"]

1. Nf3 {Postny} Nf6 2. c4 g6 3. Nc3 d5 4. Qa4+ Bd7 5. Qb3 dxc4 6. Qxc4 Bg7 $2 {
Already - a grave mistake. The theory says black not wasting time has to start
counterplay in the centre, playing 6...Nc6 or 6...a6.} 7. e4 O-O {Here 7...Bc6
was suggested, as the most stubborn, preventing, in fact, for some time the
push e4-e5.} (7... Bc6 {Postny} 8. d3 O-O 9. Be2 Nbd7 10. O-O e5 11. b4 a6 12.
a4 Nb6 13. Qb3 Re8 14. Be3 $14 {1-0 Khalifman,A-Jansa,V/Germany 2002/EXT 2003 
(41)}) 8. e5 Ng4 {After 8...Be6 a queen sacrifice 9.exf6 had been played
several times with practical success. Still, a retreat to e8 would be more
prudent.} 9. d4 Be6 10. Qb5 $1 {This move was discovered recently.} ({Earlier
people played} 10. d5 Bf5 11. Qe2 Nd7 12. Bf4 f6 13. e6 Nde5 {with unclear
consequences.}) 10... Qc8 11. h3 Nh6 12. Bf4 Nd7 $6 {After this move, as it
turns out, the black position is hardly posssible to defend. Some pawn move
was called for - either 12...c5!? or 12...f6!? Postny: 'A bad novelty, which
should not find the followers.'} 13. Qe2 $1 {Now d4-d5 threatens in earnest -
to win a piece. Postny: 'After this strong move the game is practically over.
Besides threatening 14.d5, white is preparing to trap the black Nh6 with help
of 14.Qd2 and 15.g4. Black can not play 13...f6 vacating f7 square for the
knight, because after 14.exf6 the black Be6 is hanging. Now the drawbacks of
black's last move are clear.'} Nb6 {Postny: 'This and several following
black's moves are forced, not to lose the game immediatly.'} 14. Qd2 Nf5 15. g4
Bd5 $141 {This only way to save a piece.} 16. Nxd5 Nxd5 17. Bc4 $1 {Taking on
f5 was wrong: after 17...Qf5 black would recapture a piece. White is playing
simple and strong.} ({Less clear would be} 17. Bh2 Nh6 18. Bc4 Qd7) (17. gxf5
$4 {Postny} Qxf5 {[%csl Rf3,Rf4]}) (17. Bd3 {Postny} Nxf4 18. Qxf4 Nh6 19. g5
Nf5 20. Bxf5 Qxf5 21. Qxf5 gxf5 $14) 17... Nxf4 18. Qxf4 Nh6 {Postny: 'This
poor knight is the main source of black's troubles in this game.'} 19. d5 {
Now, and for very long time, the knight h6 cut off play.} Kh8 {'?' Postny.  
Black is preparing to play f7-f6. Instead 19...c6 would render more chances to
save the black position. Postny: 'This is too passive. It was necessary to
play 19...c6 trying to get some "air" for the pieces.'} (19... c6 {Postny} 20.
O-O $16) 20. O-O f6 ({Again} 20... c6 {(Postny) seems to be better practical
chance.}) 21. e6 $18 Qe8 22. Nd4 g5 {The only chance to release from
confinement both minor piece.} 23. Qe4 f5 {Postny: 'This is practically
necessary, otherwise black's kingside will be buried forever.'} (23... Qg6 {
Postny} 24. Nf5 {[%csl Rg7] with a strategically won position.}) 24. Nxf5 Nxf5
25. gxf5 Bxb2 26. Rab1 Ba3 {After a careful 26...Bf6 white would certainly
take on b7 and win the game on the queen side. Black wants to put his bishop
more actively, to d6 or c5, but then the black king loses his important
defender.} 27. f4 $1 {'?!' Postny. Beginning of the final assault. Postny:
'White could simply capture the Pb7, but Krasenkow decided to start the attack
on the kingside. However this move gives black some practical chances as well.'
} gxf4 {Or 27...Qh5 28.Rb3} 28. Rxf4 Bd6 {'?!' Postny.} ({More stubborn was} 
28... Bc5+ $1 {Postny} 29. Kh1 Qh5 30. Rh4 Qxf5 31. Bd3 Qxe4+ 32. Bxe4 Rad8 {
[%cal Gc7c6] and white still has to find a clear way for a win, for instanse:}
33. Rxh7+ Kg8 34. Rb2 Rf1+ 35. Kh2 Bd6+ 36. Kg2 Rdf8) 29. Rh4 {'->' Postny.}
Rf6 30. Kh1 Qf8 31. Bd3 c6 32. Rg1 cxd5 33. Qd4 {'!' Postny.} Rc8 {'?' Postny.
Postny: 'This is losing on the spot.'} ({The only way to organize a resistanse
was} 33... h6 {Postny} 34. Rg6 Kh7) 34. Rg6 $1 {The threat 35.Rxh7+ Kxh7 36.
Qh4+ is impossible to repel. Black resigned.} 1-0

[Event "Hastings 9394"]
[Site "Hastings"]
[Date "1993.??.??"]
[Round "5"]
[White "Krasenkow, Michal"]
[Black "Gurevich, Ilya"]
[Result "1/2-1/2"]
[WhiteElo "2595"]
[BlackElo "2575"]
[Annotator "Krasenkow,M"]
[PlyCount "82"]
[EventDate "1993.12.??"]
[EventType "tourn"]
[EventRounds "9"]
[EventCountry "ENG"]
[EventCategory "12"]
[SourceTitle "CBM 040"]
[Source "ChessBase"]
[SourceDate "1994.06.01"]
[SourceVersion "1"]
[SourceVersionDate "1994.06.01"]
[SourceQuality "1"]

1. Nf3 Nf6 2. c4 g6 3. Nc3 d5 4. cxd5 Nxd5 5. Qa4+ Bd7 6. Qh4 Nxc3 7. dxc3 Nc6
8. Qg3 f6 9. e4 e5 10. h4 Qe7 11. h5 g5 12. Be2 Nd8 13. Nh2 Ne6 14. Bg4 O-O-O {
N} (14... Nc5) 15. O-O Qf7 16. Rd1 Bd6 17. Qf3 Kb8 18. g3 $14 Rhg8 (18... h6
$142) 19. Bf5 Nf8 20. Bxd7 Rxd7 21. Be3 Ne6 22. Ng4 Qxh5 $2 (22... Rf8) 23. Qf5
Qf7 24. Nxf6 Rf8 25. Nxd7+ Qxd7 26. Qh3 (26. Qxe5 Nf4 27. Qa5 (27. Bxf4 gxf4
28. Qh5 fxg3 29. fxg3 Rg8 $44) 27... b6 28. Qa6 Qg4 $44) 26... Qf7 27. Rd5 $6 (
27. Rf1 $1 {/\f3+/-}) 27... h5 28. Rad1 g4 29. Qh4 Be7 30. Qh2 Bf6 31. Qg2 h4
32. gxh4 Qh5 33. Qg3 $6 c6 34. Rd6 Bxh4 35. Qh2 Kc8 36. R1d2 Nf4 37. Bxf4 exf4
(37... Rxf4) 38. f3 Rh8 (38... gxf3 39. Qh3+ Kc7 40. Kf1) (38... Qg5 39. Kf1)
39. Kf1 $1 (39. Qxf4 gxf3 40. Qf5+ (40. Rd7 Rg8+ 41. Kf1 Bg3) 40... Qxf5 41.
exf5 Be7 42. R6d3 Bc5+ 43. Rf2 Rf8 (43... Rg8+ 44. Kf1 Bxf2 45. Kxf2 Rg2+ 46.
Kxf3 Rxb2 47. f6 Rb1 48. Kg2 $18) 44. Rdxf3 Kd7 45. b4 Rg8+ 46. Kf1 Bxf2 47.
Kxf2 Ke7 $14 {_|_}) 39... Qe5 40. Qg2 $2 {(+)} (40. Qg1 $1 Bg3 (40... Qb5+ 41.
R6d3 g3 (41... Bg3 42. Qxa7) 42. Qxa7 Rd8 43. c4 Qxc4 44. Qa8+ Kc7 45. Qa5+ b6
46. Qc3 $18) 41. Qxa7 Rh1+ 42. Kg2 Rh2+ 43. Kg1 Bf2+ 44. Rxf2 Qxd6 45. Kxh2 $18
) 40... Bg3 $1 41. fxg4 Rh2 (41... Rh2 42. Qg1 (42. Qf3 Qb5+ 43. Kg1 (43. Qd3
Rxd2 44. Rd8+ Kc7 45. Rd7+ Kc8) (43. c4 Qxc4+ 44. Qd3 Qc1+ 45. Rd1 Rh1+ 46. Kg2
Qxb2+ $1) 43... Qb6+ 44. Kf1 Qb5+ $10) (42. Rd8+ Kc7 43. Qg1 Qb5+ 44. R2d3 Rf2+
45. Qxf2 Bxf2 46. Kxf2 Qxb2+ 47. Rd2 Qxc3 48. R8d3 Qc1 $132 {_|_}) 42... Qb5+
43. R2d3 b6 $1 {Gurevich,I} 44. b3 (44. Qd4 f3) 44... Kb7 $5 $44 {->עf1})
1/2-1/2